000 00626nam a2200253Ia 4500
003 OSt
005 20221005075307.0
006 a|||||r|||| 00| 0
007 ta
008 221004b |||||||| |||| 00| 0 eng d
024 _a27151
037 _cTextual
040 _aCRL
_cCRL
_beng
041 _2eng
_aeng
082 _az2wN, N6
100 _aGupta N L
245 0 _aContribution of Western indologists
260 _aNew Delhi
_bMohit
_c1996
300 _a163p
_ccm.
650 _a GENERALIA
650 _aINDIA - HISTORY
942 _hz2wN, N6
_cTEXL
_2cc
999 _c984315
_d984315